Statistiques concernant Les featurings de Bosh

Cliquez ici pour prendre le quiz!

Statistiques générales

  • Ce quiz a été pris 19 fois
  • Le résultat moyen est 10 sur 44

Statistiques - réponses

DépartementArtisteSons% Correct
13JulMafiosi (2021)
86%
13SCHBusiness (2020)
71%
13ElamsElams et les 40 voleurs (2020)
64%
UnknownHatikOuais mon reuf (2019), Mafiosi (2021)
64%
93Heuss L'enfoiréOLA OLA OLA (2021)
64%
13NapsVamos (2021)
64%
13AlonzoMarié à la street (2021)
50%
UnknownSam'sYasska (2020), Validé II (2021)
50%
ALGSoolkingHimalaya (2022)
50%
13Soso ManessMafiosi (2021)
50%
93GazoValidé II (2021)
43%
93KaarisDeux Deux (2020)
36%
75/91AlkpotePerfect (2023)
21%
93DA UziMarié à la street (2021)
21%
75GimsPENDEJO (2020)
21%
77ISKMafiosi (2021)
21%
60NazaContrôle (2022)
21%
UnknownDabsMerco (2020), Elams et les 40 voleurs (2020), Espèces (2021)
14%
28DeelocTout ce qu'il faut (2021)
14%
75LefaTop Boy (2020)
14%
93SadekYen-Yen (2018)
14%
UnknownALPElams et les 40 voleurs (2020), Yasska (2020)
7%
UnknownBeretta9MMTPA (2019)
7%
UnknownBrancoDjomb Remix (2020)
7%
UnknownDIVNdoki (2018)
7%
UnknownFabri FibraDjomb Remix (2020)
7%
13GrayaMafiosi (2021)
7%
UnknownHayce LemsiSi si si (2020)
7%
UnknownJ-AxDjomb Remix (2020)
7%
UnknownKamikazMafiosi (2021)
7%
UnknownLeroy MenaceRue de Ponthieu (2020)
7%
UnknownLiboLibosh (2018)
7%
UnknownSysaMafiosi (2021)
7%
UnknownTiger SDécepticone (2018), JITVB (2020), Gang (2020)
7%
UnknownToussaintDécepticone (2018), Gang (2020), Blanc 2 Blanc (2021)
7%
UnknownUnknown THum Hum (2022)
7%
UnknownYanohDécepticone (2018), Gang (2020), Baba calé (2021)
7%
UnknownChabodoTalbin (2023)
0%
UnknownDMVUFleet Riddim (2023)
0%
UnknownMamsoElams et les 40 voleurs (2020)
0%
UnknownMous-KElams et les 40 voleurs (2020)
0%
UnknownORElams et les 40 voleurs (2020)
0%
UnknownSkyLa zone (2020)
0%
UnknownThe SElams et les 40 voleurs (2020)
0%

Distribution des résultats

Percentile par nombre de réponses

% des personnes avec chaque résultat

Votre développement - résultats

Vous n’avez pas pris ce quiz